Catholic University of Zimbabwe Library
Online Public Access Catalogue
(OPAC)

At the world's end (Record no. 15296)

MARC details
000 -LEADER
fixed length control field 00380nam a22001457a 4500
005 - DATE AND TIME OF LATEST TRANSACTION
control field 20201030100937.0
008 - FIXED-LENGTH DATA ELEMENTS--GENERAL INFORMATION
fixed length control field 200721b xxu||||| |||| 00| 0 eng d
040 ## - CATALOGING SOURCE
Transcribing agency REMY
050 ## - LIBRARY OF CONGRESS CALL NUMBER
Classification number PR6063
Item number PR6063 FIS
100 ## - MAIN ENTRY--PERSONAL NAME
Personal name Catherine Fisher
245 ## - TITLE STATEMENT
Title At the world's end
260 ## - PUBLICATION, DISTRIBUTION, ETC.
Place of publication, distribution, etc. london
Name of publisher, distributor, etc. Barrington
Date of publication, distribution, etc. 2015
300 ## - PHYSICAL DESCRIPTION
Extent 94,.p
942 ## - ADDED ENTRY ELEMENTS (KOHA)
Source of classification or shelving scheme
Koha item type OS Book
Classification part PR6063.A2354.F
Holdings
Withdrawn status Lost status Source of classification or shelving scheme Damaged status Not for loan Home library Current library Shelving location Date acquired Source of acquisition Cost, normal purchase price Inventory number Total Checkouts Full call number Barcode Date last seen Copy number Cost, replacement price Price effective from Koha item type
          CUZ Harare Campus CUZ Harare Campus Open Shelf 21.07.2020 Donation 10.00 CU14095   PR6063 FIS BK008624 22.05.2025 1 10.00 10.03.2020 OS Book
          CUZ Harare Campus CUZ Harare Campus Open Shelf 21.07.2020 Donation 10.00 CU14094   PR6063 FIS BK008630 22.05.2025 2 10.00 10.03.2020 OS Book

OPENING HOURS

Weekdays: 0815hrs - 1800hrs
Weekends:0900hrs - 1200hrs

Closed for Mass:

Mon, Thur: 1200hrs - 1300hrs
Sunday & Public Holiday’s

CALL SUPPORT

0242-570570, 0242-570169
09200664, +263 8644140602

LOCATION

18443, Cranborne Avenue, Hatfield, Harare

Other Links


©2021 | CUZ Library